000 00338nam a2200121Ia 4500
008 150202s9999 xx 000 0 und d
050 _aFIC
_bFIC
100 _aMacDonald, John D.
245 _aCondominium /
_cJohn D. MacDonald.
260 _aNew York :
_bBestsellers House,
_c1977.
300 _a447 pages :
_c18 cm.
650 _aFiction.
999 _c282221
_d282221